Statystyki dla 15 Największych Miast w Azji z Mapą

Kliknij tutaj aby rozwiązać quiz!

Ogólne statystyki

  • Ten quiz został rozwiązany 5 267 razy
  • Średni wynik to 10 z 15

Odpowiedzi na mapie

Odpowiedzi skodowane kolorowo w zielono-czerwonej skali na mapie do tego quizu, zgodnie z poniższymi procentami.
 

Statystyki odpowiedzi

LudnośćMiasto% Poprawnych
40.2 milTokio
97%
20.4 milPekin
95%
24.7 milSeul
87%
15.8 milStambuł
87%
29.4 milDelhi
76%
35.9 milSzanghaj
75%
30.6 milDżakarta
69%
18.3 milBangkok
67%
25.2 milManila
64%
24.7 milMumbaj
64%
17.7 milOsaka
55%
19.5 milDhaka
52%
45.6 milKanton
47%
16.6 milKolkata
47%
17.3 milKaraczi
34%

Rozkład punktacji

Percentyl według liczby udzielonych odpowiedzi

Procent ludzi z każdym wynikiem

Twoja historia wyników

Nie rozwiązałeś tego quizu